Aposentadoria Hb̕rida por Idade

Bibliographic Details
Main Author: Novaes Martinez, Wladimir
Format: eBook
Language:Portuguese
Published: San Pablo: LTR, 2019
Subjects:
Online Access:Acceso restringido

MARC

LEADER 00000nam a22000007a 4500
005 2022040601521.0
007 cr|||| ||||
008 220406s2019 br |||||s|||| 00||0 por d
020 |a 978-85-361-9954-2 
035 |a 36030 
040 |a vLex 
090 |c 13124  |d 13124 
100 1 |a Novaes Martinez, Wladimir 
245 1 0 |a Aposentadoria Hb̕rida por Idade  |h [Recurso electrn̤ico] /  |c Wladimir Novaes Martinez 
256 |a Servicio en ln̕ea 
260 |a San Pablo:  |b LTR,  |c 2019 
300 |a 1 recurso electrn̤ico 
500 |a Um completo estudo sobre uma prestaȯ̂ previdencir̀ia dos trabalhadores urbanos e rurais que tm̊ tempo de serviȯ ou de contribuiȯ̂. 
506 1 |a Disponible solo en los productos indicados  |d vLex Global  |d vLex Global (Academic Edition, excluding Law Schools)  |d vLex Global (U.S. Academic Edition, Law Schools)  |d vLex Global (U.S. Academic Edition, excluding Law Schools)  |d vLex Global (Academic Edition, Law Schools) 
650 0 4 |a Seguridad Social  |z Brasil 
740 0 |a vLex Libros (Servicio en ln̕ea) 
856 4 0 |u https://app.vlex.com/#/sources/36030  |z Acceso restringido 
942 |c BOOK 
999 0 |a Social Security